000 01540nam a22003857a 4500
003 CHAP
005 20220329143338.0
008 081020s2008 mx a r 00010 spa d
010 _a95265
011 _a96237
035 _a106884
040 _cCHAP
090 _aTesis
100 1 _aSánchez Santiago, Hermes.
_9107841
245 1 0 _aProyecto de inversión para la engorda estabulada de novillos con un manejo agrosilvopastoril en Rancho Nuevo, San Juan Lachao, Oaxaca
_c/por Hermes Sánchez Santiago
260 _aChapingo, Méx. :
_bEl autor,
_c2008
300 _avii, 123 h. :
_bcuadros, gráfs.
502 _aTesis (Ing. Agr. Esp. en zonas Tropicales) - UACH. Dirección de Centros Regionales Universitarios
530 _aTambién disponible en línea
590 _aALEPH
_b10
_c20130110
_lUCH01
_h1525
590 _aBATCH-UPD
_b10
_c20130110
_lUCH01
_h1301
590 _aBATCH-UPD
_b10
_c20130410
_lUCH01
_h0819
590 _aBATCH-UPD
_b10
_c20130914
_lUCH01
_h1524
590 _aBATCH-UPD
_b10
_c20140324
_lUCH01
_h1508
590 _aBATCH-UPD
_b10
_c20141002
_lUCH01
_h0837
590 _aCONVERSION
_b10
_c20130109
_lUCH01
_h1353
650 0 4 _aGanado vacuno
_xAlimentación.
_945429
650 0 4 _aGanado vacuno
_xEngorda.
_945461
650 0 4 _aGanado vacuno
_xOaxaca.
_945499
856 _3Finding aid
_uhttp://10.13.5.2/tesis/106884.pdf
_zTeclea aqui
901 _aBK
942 _cFOLL
949 _bBC
_cTES
_d33724002038743
_eTS1
_gDonaciØn
_h48320
_i106884
_si
949 _bBC
_cTES
_d33724002038751
_eTS2
_fc.2
_gDonaciØn
_h48321
_i106884
_sb
999 _c95265
_d95265